| 000 | 00624nam a2200205Ia 4500 | ||
|---|---|---|---|
| 003 | GCL | ||
| 005 | 20240530095409.0 | ||
| 008 | 140319s9999 xx 000 0 ara d | ||
| 040 |
_aGCL / _cGCL |
||
| 082 | 0 | 4 |
_a813.02 _bط/ك ا |
| 100 | 1 | _aكامل كيلانى | |
| 245 | 1 | 0 |
_aجد القرود / _cكامل كيلانى |
| 260 |
_aالقاهرة : _bالهيئة المصرية العامة للكتاب |
||
| 300 |
_a ؛ _c24 سم |
||
| 490 |
_aاساطير افريقية _v0 |
||
| 650 | 0 | 4 | _aالقصص القصيرة |
| 650 | 0 | 4 | _aقصص الاطفال |
| 650 | 0 | 4 | _aالحيوانات - قصص |
| 942 |
_2ddc _cBK |
||
| 999 |
_c6823 _d6823 |
||